Statistics for Shinkansen Trivia

Click here to take the quiz!

General Stats

  • This quiz has been taken 87 times
    (81 since last reset)
  • The average score is 10 of 15

Answer Stats

ClueAnswer% Correct
The 1st line used the{0} Series Shinkansen
89%
Number of Shinkansen lines7
89%
Most Shinkansen trains are{16} cars long
87%
The 1st line is calledTokai-do
84%
Maximum operational speed is{320} km/hr
81%
The only one of the 4 main Islands which is not served by any ShinkansenShikoku
81%
World's first dedicated high speed line opened in1964
80%
The 1st line connected Tokyo withOsaka
79%
The fastest train service on the Takaido / Sanyo ShinkansenNozomi
76%
Tunnel connecting Honshu and Hokkaido{Seikan} Tunnel
64%
Fastest commercially running Shinkansen{E5} Series Shinkansen
60%
High speed train with the highest capacity of passenger{E4} Series Shinkansen
54%
Last city to get a Shinkansen serviceKanazawa
46%
World's fastest art gallery{Genbi} Shinkansen
40%
Occasionally called the Inventor of the ShinkansenHideo Shima
16%

Score Distribution

Percentile by Number Answered

Percent of People with Each Score

Your Score History

You have not taken this quiz since the last reset